| 000 | 00488nam a22001457a 4500 | ||
|---|---|---|---|
| 008 | 151027b xxu||||| |||| 00| 0 eng d | ||
| 020 | _a9789966465566 | ||
| 050 | _aAFR PR 9381.9 .M799 2011 | ||
| 100 |
_aMutahi Wahome _d2011 |
||
| 245 |
_aThree Days on the Cross/ _cWahome Mutahi |
||
| 260 |
_aNairobi, _bStima printers& Stationers LTD. _c2011 |
||
| 300 |
_a182p.: _c18cm. |
||
| 650 | _aKenyan Fiction | ||
| 942 |
_2lcc _cSH_L_BOOKS _hAFR PR 9381.9 .M799 2011 |
||
| 999 |
_c9423 _d9423 |
||